Cirkulares dioecesanae cassoviensis

Úradný katolícky časopis regionálneho charakteru

Bibliographic Details
Corporate Authors: Košice Biskupský úrad (Publisher), Sv. Alžbeta, úč. spol. (Košice, Slovensko), Blayer, Eugen (Bardejov) (tlač.)
Format: Journal
Language:Latin
PhysicalDescription:15 roč. 26 x 21 cm
Published: Košice [Biskupský úrad] 1924-1938

MARC

LEADER 00000nas a22000001a 4500
001 vtls010298885
003 SK-MaSNL
005 20260228162506.0
008 110809d19241938xo u p r 0 b0lat
015 |a SNBDS17XX9999 
015 |a 1007  |2 Kipsová 1919-38 
038 |a SNKBUDS 
040 |a SNK  |b slo  |c SNK  |e AACR2 
041 0 |a lat 
044 |a xo  |c SK 
245 0 0 |a Cirkulares dioecesanae cassoviensis 
260 |a Košice  |b [Biskupský úrad]  |c 1924-1938 
300 |a 15 roč.  |c 26 x 21 cm 
310 |a Periodicita sa nedá určiť 
362 0 |a Roč. I, č. 1 (1924)-roč. XV, č. 9 (1938) 
500 |a Vych. v Košiciach (nepravidelne) vo formáte 26 x 21 cm; od 2/1937 32 x 24cm 
500 |a Bez red. údajov 
500 |a Vyd. [Biskupský úrad v Košiciach] 
500 |a Tlač. Sv. Alžbeta, Košice; od 9/(dec. 1938) Tlač. Blayer, Bardejov 
505 8 0 |g Rok 1924 9 čís. 39 s. 
505 8 0 |g Rok 1925 12 čís. 55 s. 
505 8 0 |g Rok 1926 9 čís. 87 s. 
505 8 0 |g Rok 1927 10 čís. 70 s. 
505 8 0 |g Rok 1928 9 čís. 84 s. 
505 8 0 |g Rok 1929 10 čís. 65 s. 
505 8 0 |g Rok 1930 7 čís. 44 s. 
505 8 0 |g Rok 1931 12 čís. 60 s. 
505 8 0 |g Rok 1932 12 čís. 54 s. 
505 8 0 |g Rok 1933 11 čís. 48 s. 
505 8 0 |g Rok 1934 7 čís. 40 s. 
505 8 0 |g Rok 1935 12 čís. 64 s. 
505 8 0 |g Rok 1936 10 čís. 60 s. 
505 8 0 |g Rok 1937 9 čís. 40 s. 
505 8 0 |g Rok 1938 9 čís. 37 s. 
520 |a Úradný katolícky časopis regionálneho charakteru 
710 1 |a Košice  |b Biskupský úrad  |e vydav.  |9 271238 
710 2 |a Sv. Alžbeta, úč. spol. (Košice, Slovensko),  |d 1907-1949  |9 269489 
710 0 |a Blayer, Eugen (Bardejov)  |e tlač.  |9 271239 
852 |a UKB  |b 300000  |h SC 1053 
852 |a SNK  |b 10000  |h ČSB 2660 
999 |c 7953  |d 9883